| 000 | 01088cam a22003373a 4500 | ||
|---|---|---|---|
| 001 | 12504905 | ||
| 003 | OSt | ||
| 005 | 20140310182235.0 | ||
| 008 | 871023s1987 nyu 000 1 eng d | ||
| 010 | _a 2001567032 | ||
| 020 | _a0671641409 (pbk): $ 2.75 | ||
| 035 | _a(OCoLC)ocm16891760 | ||
| 040 |
_aMNL _cMNL _dDVA _dSLC _dDLC |
||
| 042 | _alccopycat | ||
| 050 | 0 | 0 |
_aPZ 7 _b.K26n16 1987 |
| 082 |
_aFIC _bK25nf #16 |
||
| 100 | 1 |
_aKeene, Carolyn. _94653 |
|
| 245 | 1 | 0 |
_aNever say die / _cCarolyn Keene. |
| 260 |
_aNew York : _bPocket Books, _cc1987. |
||
| 300 |
_a150 ; _c18 cm. |
||
| 440 |
_aThe Nancy Drew Files _n#16 _918607 |
||
| 500 | _a"An Archway Paperback." | ||
| 650 | 0 |
_aDetective and mystery stories. _94339 |
|
| 655 | 7 |
_aYoung adult fiction. _2lcsh _93735 |
|
| 710 | 2 |
_aCopyright Paperback Collection (Library of Congress) _5DLC _9705 |
|
| 800 | 1 |
_aKeene, Carolyn. _tNancy Drew files (New York, N.Y.) ; _vcase 16. _918608 |
|
| 906 |
_a7 _bcbc _ccopycat _d2 _encip _f20 _gy-genrareb |
||
| 942 |
_2lcc _cBK-FIC |
||
| 999 |
_c11004 _d11004 |
||